Strategické možnosti rozvoja medzinárodného letiska bakalárska práca

Gespeichert in:
Bibliographische Detailangaben
1. Verfasser: Hrubá, Štefánia
Körperschaft: Obchodná fakulta EU. Katedra medzinárodného obchodu
Weitere Verfasser: Minárik, Marek
Format: Buch
Sprache:Slowakisch
Veröffentlicht: Bratislava 2019
Tags: Tag hinzufügen
Keine Tags, Fügen Sie das erste Tag hinzu!

MARC

LEADER 00000nbm a2200000 4500
001 0257882
005 20191018141002.0
041 0 |a slo 
044 |a SK 
245 1 0 |a Strategické možnosti rozvoja medzinárodného letiska  |b bakalárska práca  |c Štefánia Hrubá ; školiteľ: Marek Minárik 
264 1 |a Bratislava  |c 2019 
300 |a 55 s. 
100 1 |a Hrubá, Štefánia 
700 1 |a Minárik, Marek 
710 2 |a Obchodná fakulta EU. Katedra medzinárodného obchodu